LEADER 01058nam a2200265 a 4500 001 000000135907 003 CaOOAMICUS 005 20131022140915.0 008 131022s1993 it u000 u ita r 040 $aPUL$bita 100 1 $aSerao, Matilde,$d1856-1927.$0(OLS)http://pul/name/87469 245 13$aIl ventre di Napoli /$cMatilde Serao ; introduzione di Lidia Ravera. 260 $aRoma :$bl'Unitā,$c1993. 300 $aX, 67 p. ;$c19 cm 490 1 $aLibri dell'Unitā. Italiana ;$v11 500 $aSupplemento a: L'Unitā, n. 4 (29-11-1993). Ed fuori commercio. 700 1 $aRavera, Lidia.$0(OLS)http://pul/name/87362 830 0$aLibri dell'Unitā.$pItaliana ;$v11.$0(OLS)http://pul/title/171180 850 $aPUL 852 $aPUL$W1$xDP1 Fondo E. Rossi$y115$m2 A 276$j156731$qFondi$B156072$CPULBib$Z2$F156072 $82 941 1 $a1 961 $aSul dorso collocazione ms. di E. Rossi: I 191 2 996 $6245$aIl ventre di Napoli$9(OLS)http://pul/title/171823 996 $6260$aRoma :$bl'Unitā$9(OLS)http://pul/publisher/74001 LEADER 01153nam a2200277 a 4500 001 000000171504 003 CaOOAMICUS 005 20190215174747.0 008 190215s2015 nyu 001 u eng r 020 $a978-3-319-08364-3* 032 $aLibriCat 040 $aPUL$bita 100 1 $aUdias, Agustin.$0(OLS)http://pul/name/110140 245 10$aJesuit contribution to science : $ba history /$cAgustin Udias. 260 $aNew York :$bSpringer,$c2015. 300 $aXI, 277 p. :$c24 cm. 504 $aBibliografia in nota a pič pagina e alle pagine 257-268. 610 24$aGesuiti.$xAttivitā scientifica.$0(OLS)http://pul/subject/45844 650 4$aAstronomia$xStoria.$0(OLS)http://pul/subject/28945 850 $aPUL 852 $aPUL$W1$xSL Cons. Gen., Altre Classi 3$y75$m520. 9 UDIAG 1$j195207$qDDC 21$B200108$CPULBib$Z2$F200108 $H132242 $82 941 1 $a9 996 $6020$a978-3-319-08364-3*$9(OLS)http://pul/number/165745 996 $6245$aJesuit contribution to science : $ba history$9(OLS)http://pul/title/212307 996 $6260$aNew York :$bSpringer$9(OLS)http://pul/publisher/73890